| 000 -ლიდერი |
| ფიქსირებული სიგრძის საკონტროლო ველი |
01880nam a22002537a 4500 |
| 003 - საკონტროლო ნომრის იდენტიფიკატორი |
| საკონტროლო ველი |
Ge_BSU |
| 005 - ბოლო ოპერაციის თარიღი და დრო |
| საკონტროლო ველი |
20211027113710.0 |
| 008 - ფიქსირებული სიგრძის მონაცემთა ელემენტები - ზოგადი ინფორმაცია |
| ფიქსირებული სიგრძის საკონტროლო ველი |
211027s2020 ge ||||| |||| 00| 0 geo d |
| 020 ## - წიგნის საერთაშორისო სტანდარტული ნომერი |
| International Standard Book Number |
9789941819148 |
| 041 ## - ენის კოდი |
| Language code of text/sound track or separate title |
geo |
| 080 ## - უნივერსალური ათობითი კლასიფიკაციის ინდექსი |
| Universal Decimal Classification number |
342.731(479.22) რ-40 |
| 245 ## - ცნობა სათაურის შესახებ |
| Title |
რელიგიის თავისუფლება საქართველოსა და საერთაშორისო კანონმდებლობით / |
| Statement of responsibility, etc |
რელიგიის საკითხთა სახელმწიფო სააგენტო ; წიგნზე მუშაობდნენ: ზაზა ვაშაყმაძე, ნათია გუდაძე, გვანცა ცხოვრებაძე [და სხვა.] ; მთ. რედაქტორი ზაზა ვაშაყმაძე ; რედაქტორები: ნათია გუდაძე, გვანცა ცხოვრებაძე. |
| 264 ## - წარმოების, გამოცემის, დისტრიბუციის და სხვა ცნობები |
| გამოცემის, წარმოების, დისტრიბუციის... ადგილი |
თბილისი, |
| გამოცემის, წარმოების, დისტრიბუციის... თარიღი |
2020. |
| 300 ## - ფიზიკური აღწერა |
| Extent |
576 გვ. ; |
| Other physical details |
24 სმ. |
| 504 ## - BIBLIOGRAPHY, ETC. NOTE |
| Bibliography, etc |
ბიბლიოგრაფია ტექსტის შენიშვნებში. |
| 653 ## - INDEX TERM--UNCONTROLLED |
| Uncontrolled term |
რელიგიის თავისუფლება საქართველოში |
| 653 ## - INDEX TERM--UNCONTROLLED |
| Uncontrolled term |
რელიგია |
| 653 ## - INDEX TERM--UNCONTROLLED |
| Uncontrolled term |
სამართალი |
| 700 ## - ADDED ENTRY--PERSONAL NAME |
| Personal name |
ვაშაყმაძე, ზაზა |
| Relator term |
მთ. რედაქტორი, წინასიტყვაობის ავტორი. |
| 9 (RLIN) |
12744 |
| 700 ## - ADDED ENTRY--PERSONAL NAME |
| Personal name |
გუდაძე, ნათია |
| Relator term |
რედაქტორი |
| 9 (RLIN) |
12745 |
| 700 ## - ADDED ENTRY--PERSONAL NAME |
| Personal name |
ცხოვრებაძე, გვანცა და სხვ. |
| Relator term |
რედაქტორი |
| 9 (RLIN) |
12486 |
| 710 ## - ADDED ENTRY--CORPORATE NAME |
| Corporate name or jurisdiction name as entry element |
რელიგიის საკითხთა სახელმწიფო სააგენტო |
| 9 (RLIN) |
63 |
| 942 ## - ADDED ENTRY ELEMENTS (KOHA) |
| Source of classification or shelving scheme |
|
| Koha item type |
წიგნი |